000 00699nam a2200265Ia 4500
003 OSt
005 20220928125436.0
006 a|||||r|||| 00| 0
007 ta
008 220927b |||||||| |||| 00| 0 eng d
024 _a69172
037 _cTextual
040 _aSDCL
_cSDCL
_beng
041 _2eng
_aeng
082 _aX.2'P, P4
100 _aMisra S K
_9469572
245 0 _aIndian economy
_bIts development experience
250 _a22
260 _aMumbai
_bHimalaya Publishing House
_c2004
300 _axvii,948p
_ccm.
650 _aIndian Economy
700 _a Puri V K
_9391499
942 _hX.2'P, P4
_cTEXL
_2CC
999 _c782283
_d782283